Modern Concepts on Water Resources. (Record no. 38822)
[ view plain ]
| 000 -LEADER | |
|---|---|
| fixed length control field | 00749nam a22002417a 4500 |
| 001 - CONTROL NUMBER | |
| control field | 38822 |
| 003 - CONTROL NUMBER IDENTIFIER | |
| rucl marc code | (BD-RjUL) |
| 005 - DATE AND TIME OF LATEST TRANSACTION | |
| control field | 20211209052850.0 |
| 008 - FIXED-LENGTH DATA ELEMENTS--GENERAL INFORMATION | |
| fixed length control field | 160305s2007 bg ab||| |||| 001 0 eng d |
| 020 ## - INTERNATIONAL STANDARD BOOK NUMBER | |
| International Standard Book Number | 9848090309 |
| 035 ## - SYSTEM CONTROL NUMBER | |
| System control number | (BD-RjUL) |
| 040 ## - CATALOGING SOURCE | |
| Original cataloging agency | (BD-RjUL) |
| Language of cataloging | eng |
| Transcribing agency | (BD-RjUL) |
| Modifying agency | (BD-RjUL) |
| 082 ## - DEWEY DECIMAL CLASSIFICATION NUMBER | |
| Edition number | 23 |
| Author mark and year | HOM 2007 |
| Classification number | 333.91 |
| 100 ## - MAIN ENTRY--PERSONAL NAME | |
| Personal name | Hossain, Faisal |
| 9 (RLIN) | 119748 |
| 245 ## - TITLE STATEMENT | |
| Title | Modern Concepts on Water Resources. |
| Statement of responsibility, etc. | Faisal Hossain & Delawer Hossain |
| 260 ## - PUBLICATION, DISTRIBUTION, ETC. (IMPRINT) | |
| Place of publication, distribution, etc. | Bangladesh, Dhaka : |
| Name of publisher, distributor, etc. | University Grants Commission of Bangladesh. |
| Date of publication, distribution, etc. | c2007 |
| 300 ## - PHYSICAL DESCRIPTION | |
| Pagination | xv, 222 p. : |
| Illustrations | Illus. ; |
| Size | 25 cm. |
| 500 ## - GENERAL NOTE | |
| General note | Includes Index. |
| 650 ## - SUBJECT ADDED ENTRY--TOPICAL TERM | |
| Topical term or geographic name as entry element | Water |
| 9 (RLIN) | 116709 |
| Topical term or geographic name as entry element | Water - History |
| 9 (RLIN) | 119750 |
| 700 ## - ADDED ENTRY--PERSONAL NAME | |
| Personal name | Hossain, Delawer |
| 942 ## - ADDED ENTRY ELEMENTS (KOHA) | |
| Source of classification or shelving scheme | Dewey Decimal Classification |
| Koha item type | Books |
| Lost status | Source of classification or shelving scheme | Damaged status | Not for loan | Permanent Location | Current Location | Shelving location | Date acquired | Total Checkouts | Full call number | Date last seen | Copy number | Koha item type |
|---|---|---|---|---|---|---|---|---|---|---|---|---|
| Dewey Decimal Classification | Not For Loan | Department of Information and Communication Engineering (ICE) Library | Department of Information and Communication Engineering (ICE) Library | Seminar Library | 05/03/2016 | 333.91 HOM 2007 | 05/03/2016 | C-1 | Books |